Približovanie sa SR k najvyspelejším európskym krajinám v oblasti výkonnosti

Príspevok skúma stav reálnej konvergencie SR v oblasti výkonnosti. Hlavným ukazovateľom dobiehania výkonnosti krajín EÚ 15 je HDP v parite kúpnej sily na obyvateľa. Alternatívnymi ukazovateľmi konvergencie sú ukazovatele reálneho dôchodku. V príspevku je zhodnotená úroveň dosiahnutej reálnej konverg...

ver descrição completa

Na minha lista:
Detalhes bibliográficos
Autor principal: Trnovský, Karol, 1983-
Outros Autores: Sobotová, Anna
Formato: Capítulo de Livro
Idioma:eslovaco
Assuntos:
Tags: Adicionar Tag
Sem tags, seja o primeiro a adicionar uma tag!

MARC

LEADER 00000nla$a2200000$$$4500
001 0108545
005 20240502072210.4
041 0 |a slo 
044 |a SK 
245 1 0 |a Približovanie sa SR k najvyspelejším európskym krajinám v oblasti výkonnosti  |c Karol Trnovský, Anna Sobotová 
520 |a Príspevok skúma stav reálnej konvergencie SR v oblasti výkonnosti. Hlavným ukazovateľom dobiehania výkonnosti krajín EÚ 15 je HDP v parite kúpnej sily na obyvateľa. Alternatívnymi ukazovateľmi konvergencie sú ukazovatele reálneho dôchodku. V príspevku je zhodnotená úroveň dosiahnutej reálnej konvergencie a náčrt budúce vývoja. 
610 2 0 |a výkonnosť ekonomiky 
610 2 0 |a rozvoj hospodársky 
610 2 0 |a konvergencia 
610 2 0 |a produkt domáci hrubý 
610 2 0 |a prognózy 
610 2 0 |a Slovensko 
100 1 |a Trnovský, Karol, 1983- 
700 1 |a Sobotová, Anna